000
00461nam a2200157Ia 4500
008
100122s9999 xx 000 0 und d
082
_b
45811
_a
823
100
_a
बापट ना वि
245
_a
पानिपतची मोहिम
250
_a
3
260
_b
वरदा बुक्स
_c
1991
300
_a
672
630
_a
पानिपतची मोहिम
730
_a
पानिपतची मोहिम
942
_c
BOOK
999
_c
425131
_d
425128